| 000 -ლიდერი |
| ფიქსირებული სიგრძის საკონტროლო ველი |
03310nam a2200325Ia 4500 |
| 001 - საკონტროლო ნომერი |
| საკონტროლო ველი |
22728 |
| 003 - საკონტროლო ნომრის იდენტიფიკატორი |
| საკონტროლო ველი |
GE_BSU |
| 005 - ბოლო ოპერაციის თარიღი და დრო |
| საკონტროლო ველი |
20230501174856.0 |
| 008 - ფიქსირებული სიგრძის მონაცემთა ელემენტები - ზოგადი ინფორმაცია |
| ფიქსირებული სიგრძის საკონტროლო ველი |
181216s ||||ge |||||||||||||| ||geo|| |
| 020 ## - წიგნის საერთაშორისო სტანდარტული ნომერი |
| International Standard Book Number |
9789941279621 |
| 040 ## - კატალოგიზაციის წყარო |
| Transcribing agency |
GE_BSU |
| 041 ## - ენის კოდი |
| Language code of text/sound track or separate title |
geo |
| 080 ## - უნივერსალური ათობითი კლასიფიკაციის ინდექსი |
| Universal Decimal Classification number |
94(479.22)''1918.05''+329.141(479.22) პ-38 |
| 245 ## - ცნობა სათაურის შესახებ |
| Title |
პირველი საყოველთაო დემოკრატიული არჩევნები დამოუკიდებელ საქართველოში = First Universal Democratic Elections in Independent Georgia / |
| Statement of responsibility, etc |
ავტორ-შემდგენლები : ირაკლი ირემაძე, სალომე ჭანტურიძე ; რედაქტორი ზურაბ გაიპარაშვილი ; მთარგმნელი ქრისტინა თოლორდავა ; ინგლ. თარგმანის რედაქტორები : აუგუსტა ფედერსტონი, დავით ღონღაძე ; დიზაინერი ლევან ნოზაძე. |
| 250 ## - გამოცემის ცნობა |
| Edition statement |
მე-2 გამოცემა |
| 264 ## - წარმოების, გამოცემის, დისტრიბუციის და სხვა ცნობები |
| გამოცემის, წარმოების, დისტრიბუციის... ადგილი |
თბილისი : |
| გამოცემის, წარმოების, დისტრიბუციის... სახელწოდება |
[გ.გ], |
| გამოცემის, წარმოების, დისტრიბუციის... თარიღი |
2018. |
| 300 ## - ფიზიკური აღწერა |
| Extent |
98 გვ. : |
| Other physical details |
ფოტ. ; |
| Dimensions |
27 სმ. |
| 500 ## - ზოგადი შენიშვნა |
| General note |
100 წელი საქართველოს პირველი დემოკრატიული რესპუბლიკის დაარსებიდან, პუბლიკაცია მომზადდა ამერიკელი ხალხის მხარდაჭერით ამერიკის საერთაშორისო განვითარების სააგენტოს (USAID) მეშვეობით |
| 520 ## - SUMMARY, ETC. |
| Summary, etc |
100 წელი საქართველოს პირველი დემოკრატიული რესპუბლიკის დაარსებიდან. პუბლიკაცია მომზადდა ამერიკელი ხალხის მხარდაჭერით ამერიკის საერთაშორისო განვითარების სააგენტოს (USAID) მეშვეობით. |
| 653 ## - INDEX TERM--UNCONTROLLED |
| Uncontrolled term |
პირველი საყოველთაო დემოკრატიული არჩევნები დამოუკიდებელ საქართველოში |
| 653 ## - INDEX TERM--UNCONTROLLED |
| Uncontrolled term |
First Universal Democratic Elections in Independent Georgia |
| 653 ## - INDEX TERM--UNCONTROLLED |
| Uncontrolled term |
საქართველოს დემოკრატიული რესპუბლიკა |
| 653 ## - INDEX TERM--UNCONTROLLED |
| Uncontrolled term |
საქართველოს სოციალ-დემოკრატიული პარტია |
| 700 ## - ADDED ENTRY--PERSONAL NAME |
| Personal name |
ირემაძე, ირაკლი |
| Relator term |
ავტორ-შემდგენელი |
| 9 (RLIN) |
17894 |
| 700 ## - ADDED ENTRY--PERSONAL NAME |
| Personal name |
ჭანტურიძე, სალომე |
| Relator term |
ავტორ-შემდგენელი |
| 9 (RLIN) |
14483 |
| 700 ## - ADDED ENTRY--PERSONAL NAME |
| Personal name |
გაიპარაშვილი, ზურაბ |
| Relator term |
რედაქტორი |
| 9 (RLIN) |
8311 |
| 700 ## - ADDED ENTRY--PERSONAL NAME |
| Personal name |
თოლორდავა, ქრისტინა |
| Relator term |
მთარგმნელი |
| 9 (RLIN) |
17895 |
| 942 ## - ADDED ENTRY ELEMENTS (KOHA) |
| Koha item type |
წიგნი |
| Source of classification or shelving scheme |
|